Pokémon - Les attaques de Flamiaou - Statistiques

Statistiques générales
  • Ce quiz a été pris 15 fois
  • Le résultat moyen est 9 sur 14
Statistiques - réponses
Niveaux Types
Noms des coups
% Correct
Départ Normal Griffe
100%
Niveau 3 Feu Flammèche
90%
Niveau 15 Ténèbres Morsure
90%
Niveau 36 Feu Boutefeu
80%
Niveau 6 Spectre Léchouille
80%
Départ Normal Rugissement
80%
Niveau 12 Normal Combo-Griffe
70%
Niveau 21 Feu Crocs Feu
70%
Niveau 18 Combat Double Pied
70%
Niveau 30 Feu Lance-Flammes
70%
Niveau 33 Normal Mania
50%
Niveau 24 Normal Grimace
30%
Niveau 9 Normal Hurlement
30%
Niveau 27 Normal Vantardise
20%
Aucun quiz correspondant
Distribution des résultats
% des personnes avec chaque résultat
Percentile par nombre de réponses
Votre historique - résultats
Vous n’avez pas pris ce quiz